书目信息 |
| 题名: |
狄里克莱级数与随机狄里克莱级数
|
|
| 作者: | 余家荣 著 | |
| 分册: | ||
| 出版信息: | 北京 科学出版社 1997 |
|
| 页数: | 174页 | |
| 开本: | 20cm | |
| 丛书名: | ||
| 单 册: | ||
| 中图分类: | O156.4 | |
| 科图分类: | ||
| 主题词: | 代数 , 数论 , 组合数学 | |
| 电子资源: | ||
| ISBN: | 7-03-005933-6 | |
| 000 | 00590nam0 2200205 450 | |
| 001 | 0732828906 | |
| 005 | 20070903090708.90 | |
| 010 | @a7-03-005933-6@d¥13.00 | |
| 100 | @a20070903d km y0chiy0120 ea | |
| 101 | 0 | @achi |
| 200 | 1 | @a狄里克莱级数与随机狄里克莱级数@Adi li ke lai ji shu yu sui ji di li ke lai ji shu@f余家荣著@Fyu jia rong zhu |
| 210 | @a北京@c科学出版社@d1997 | |
| 215 | @a174页@d20cm | |
| 606 | 0 | @a代数 |
| 606 | 0 | @a数论 |
| 606 | 0 | @a组合数学 |
| 690 | @aO156.4@v3 | |
| 701 | 0 | @a余家荣@Ayu jia rong@4著 |
| 801 | 0 | @aCN@bPFT@c20070903 |
| 905 | @a213230@dO156.4@eS241@f1 | |
| 狄里克莱级数与随机狄里克莱级数/余家荣著.-北京:科学出版社,1997 |
| 174页;20cm |
| ISBN 7-03-005933-6:¥13.00 |
| ● |
| 相关链接 |
|
|
|
|
正题名:狄里克莱级数与随机狄里克莱级数
索取号:O156.4/S241
 
预约/预借
| 序号 | 登录号 | 条形码 | 馆藏地/架位号 | 状态 | 备注 |
| 1 | 6701792 | 267017925 | 数信系资料室/ [索取号:O156.4/S241] | 在馆 | |
| 2 | 6701793 | 267017934 | 数信系资料室/ [索取号:O156.4/S241] | 在馆 |